Random US State Demonyms - Statistics

General Stats
  • This quiz has been taken 26 times
  • The average score is 7 of 12
Answer Stats
Hint Answer % Correct
Alaska Alaskan
100%
Arkansas Arkansan
100%
California Californian
100%
Georgia Georgian
100%
Kansas Kansan
100%
Maine Mainer
100%
Michigan Michigander
100%
Mississippi Mississippian
100%
New Jersey New Jerseyan
100%
New Mexico New Mexican
100%
North Carolina North Carolinian
100%
Ohio Ohioan
100%
Oklahoma Oklahoman
100%
Pennsylvania Pennsylvanian
100%
South Carolina South Carolinian
100%
South Dakota South Dakotan
100%
Texas Texan
100%
Utah Utahn
100%
Virginia Virginian
100%
Missouri Missourian
80%
Oregon Oregonian
80%
Kentucky Kentuckian
75%
New York New Yorker
75%
West Virginia West Virginian
75%
Hawaii Hawaiian
67%
Iowa Iowan
67%
Maryland Marylander
67%
Montana Montanan
67%
Nebraska Nebraskan
67%
Rhode Island Rhode Islander
67%
Washington Washingtonian
67%
Indiana Hoosier
50%
Illinois Illinoisan
50%
North Dakota North Dakotan
50%
Wisconsin Wisconsinite
50%
Colorado Coloradan
43%
Alabama Alabamian
40%
Florida Floridian
33%
Louisiana Louisianian
33%
Minnesota Minnesotan
33%
Arizona Arizonan
0%
Connecticut Connecticuter
0%
Delaware Delawarean
0%
Idaho Idahoan
0%
Massachusetts Massachusettsan
0%
Nevada Nevadan
0%
New Hampshire New Hampshirite
0%
Tennessee Tennessean
0%
Vermont Vermonter
0%
Wyoming Wyomingite
0%
No matching quizzes found
Score Distribution
Percent of People with Each Score
Percentile by Number Answered
Your Score History
You have not taken this quiz